000 00484nam a2200181Ia 4500
005 20250423095514.0
008 250422s9999 xx 000 0 und d
020 _a9780195371505
050 _aRA 395.D44 .G48/
100 _aRoberts, Marc J.
245 0 _aGetting health reform right: a guide to improving performance and equity
260 _aOxford
260 _bOxford University Press
260 _c2008
300 _a332 p
650 _a Health care reform.
942 _cBK
999 _c30479
_d30479